| 000 | 01054nam a22002657a 4500 | ||
|---|---|---|---|
| 999 |
_c21153 _d21153 |
||
| 003 | AR-CdUCM | ||
| 008 | 190325b ||||| |||| 00| 0 spa d | ||
| 020 | _a9786124664380 | ||
| 040 |
_aMUNICIPALIDAD PROVINCIAL DEL CUSCO _cBIBLIOTECA MUNICIPAL DEL CUSCO |
||
| 041 | _hfre | ||
| 082 |
_a158.1 / R93 _bR93 |
||
| 100 |
_aRuthe, Reinhold _95111 |
||
| 245 |
_aCaminos de salida de la trampa del miedo miedos son chances / _cReinhold Ruthe |
||
| 260 |
_aCusco : _bÁguila, _c2018. |
||
| 300 |
_a91 páginas ; _c20 cm. |
||
| 505 | _aContenido: ¿Que es el miedo? -- ¿Como se produce el miedo? -- El miedo tiene muchos rostros -- Formas patológicas del miedo -- Caminos de salida del miedo -- El miedo y los cuestionarios de autoanálisis. | ||
| 650 |
_aMiedo, timidez _923708 |
||
| 650 |
_aAspectos psicológicos _913483 |
||
| 650 |
_aDesarrollo de la personalidad _923709 |
||
| 650 |
_aPatología del miedo _944180 |
||
| 650 |
_aPsicología _91538 |
||
| 710 |
_aAsociación Proyección Social Oikos _944181 |
||
| 942 |
_2ddc _cLIBROS |
||
| 945 | _aRoel | ||